000 00710nam a2200289Ia 4500
005 20260324134616.0
008 008 260324s9999 xx 000 0 eng d
020 _a9781410603821
037 _aEBOOK
040 _aCRL
040 _beng
040 _cCRL
041 _2eng
041 _aeng
084 _qCRL
100 _aHans-Peter Blossfeld; G”tz Rohwer
_91197463
245 0 _aTechniques of Event History Modeling
245 0 _bNew Approaches to Casual Analysis
260 _bTaylor and Francis
260 _c2001
365 _a
365 _b230
856 _uhttp://www.taylorfrancis.com/books/9781410603821
942 _cEBOOK
999 _c1797734
_d1797734